[Event "BL2-Nord 2122"]
[Site "Germany"]
[Date "2022.06.18"]
[Round "7.5"]
[White "Andre, Gordon"]
[Black "Stankovic, Dimitrije"]
[Result "1-0"]
[WhiteElo "2346"]
[BlackElo "2107"]
[PlyCount "51"]
[EventDate "2022.03.05"]
[EventType "team-tourn"]
[EventRounds "10"]
[EventCountry "GER"]
[SourceTitle "EXT 2023"]
[Source "ChessBase"]
[SourceDate "2022.10.05"]
[SourceVersion "1"]
[SourceVersionDate "2022.10.05"]
[SourceQuality "1"]
[WhiteTeam "Magdeburg"]
[BlackTeam "Lingen"]
[WhiteTeamCountry "GER"]
[BlackTeamCountry "GER"]

1. d4 Nf6 2. c4 g6 3. Nc3 d5 4. Nf3 Bg7 5. h4 h5 6. Bg5 dxc4 7. e4 c6 8. Bxc4 0-0 9. Ne5 b5 10. Bb3 b4 11. Na4 Nxe4 12. Nxg6 Bxd4 13. 0-0 Nxg5 14. hxg5 Bg4 15. Qe1 Re8 16. Qxb4 Kg7 17. Rad1 Bxd1 18. Rxd1 Qd6 19. Qxd6 exd6 20. Rxd4 Kxg6 21. Rxd6+ Kxg5 22. Bxf7 Re7 23. Be6 Na6 24. g3 Nc7 25. Bd7 h4 26. f4+ 1-0

[Event "BL2-Nord 1920"]
[Site "Germany"]
[Date "2019.12.08"]
[Round "6.4"]
[White "Andre, Gordon"]
[Black "Brodowski, Piotr"]
[Result "0-1"]
[WhiteElo "2376"]
[BlackElo "2442"]
[PlyCount "84"]
[EventDate "2019.10.19"]
[EventType "team-tourn"]
[EventRounds "9"]
[EventCountry "GER"]
[SourceTitle "CBM 194 Extra"]
[Source "ChessBase"]
[SourceDate "2020.03.31"]
[SourceVersion "1"]
[SourceVersionDate "2020.03.31"]
[SourceQuality "1"]
[WhiteTeam "Magdeburg"]
[BlackTeam "Zehlendorf"]
[WhiteTeamCountry "GER"]
[BlackTeamCountry "GER"]

1. d4 d6 2. e4 Nf6 3. Nc3 g6 4. Nf3 Bg7 5. Be3 c6 6. h3 0-0 7. Qd2 b5 8. Bd3 Re8 9. 0-0 Nfd7 10. a4 b4 11. Ne2 a5 12. c3 Na6 13. Rfd1 Nb6 14. Ng3 Qc7 15. Bh6 Bh8 16. Qg5 Be6 17. e5 dxe5 18. dxe5 Nc5 19. Bc2 bxc3 20. bxc3 Bd5 21. Re1 Ne6 22. Qg4 Nd7 23. Rad1 Bxf3 24. Qxf3 Nxe5 25. Qe2 Rab8 26. f4 Nd7 27. Qf3 Nec5 28. h4 Qb6 29. Rb1 Qa7 30. Qe3 Rxb1 31. Rxb1 Nf6 32. Ne4 Nfxe4 33. Bxe4 Bxc3 34. Bxc6 Rd8 35. Kh1 Bd4 36. Qf3 Qc7 37. h5 Bf6 38. Bb5 Ne6 39. Qe4 Nd4 40. hxg6 hxg6 41. g4 Nxb5 42. axb5 Qc3 0-1

[Event "BL2-Nord 1920"]
[Site "Germany"]
[Date "2019.10.19"]
[Round "1.5"]
[White "Janaszak, Dawid"]
[Black "Andre, Gordon"]
[Result "1/2-1/2"]
[WhiteElo "2354"]
[BlackElo "2376"]
[PlyCount "72"]
[EventDate "2019.10.19"]
[EventType "team-tourn"]
[EventRounds "9"]
[EventCountry "GER"]
[SourceTitle "CBM 194 Extra"]
[Source "ChessBase"]
[SourceDate "2020.03.31"]
[SourceVersion "1"]
[SourceVersionDate "2020.03.31"]
[SourceQuality "1"]
[WhiteTeam "Ruedersdorf Glueckauf"]
[BlackTeam "Magdeburg"]
[WhiteTeamCountry "GER"]
[BlackTeamCountry "GER"]

1. c4 Nf6 2. g3 e6 3. Bg2 d5 4. Nf3 Be7 5. 0-0 dxc4 6. Qa4+ Nbd7 7. Qxc4 a6 8. Qc2 c5 9. b3 Qc7 10. Bb2 b5 11. a4 Bb7 12. d3 0-0 13. Nbd2 Nd5 14. Rfc1 Rac8 15. Ne4 Rfd8 16. axb5 axb5 17. Qb1 h6 18. h3 Qb6 19. Kh2 Nb4 20. Bc3 f5 21. Ned2 Nf6 22. Qb2 Ra8 23. Rxa8 Rxa8 24. Ra1 Nbd5 25. Be5 Ra5 26. Ne1 Qa7 27. Nc2 Rxa1 28. Qxa1 Qxa1 29. Bxa1 Bd8 30. Nf3 Nb6 31. Ne5 Bxg2 32. Kxg2 Ne8 33. Nc6 Bf6 34. Be5 c4 35. dxc4 bxc4 36. bxc4 Nxc4 1/2-1/2

[Event "Helsingor Xtracon op"]
[Site "Helsingor"]
[Date "2019.07.23"]
[Round "5"]
[White "Andre, Gordon"]
[Black "Schwarz, Frank"]
[Result "0-1"]
[WhiteElo "2381"]
[BlackElo "2224"]
[PlyCount "74"]
[EventDate "2019.07.20"]
[EventType "swiss"]
[EventRounds "10"]
[EventCountry "DEN"]
[SourceTitle "CBM 191 Extra"]
[Source "ChessBase"]
[SourceDate "2019.09.30"]
[SourceVersion "1"]
[SourceVersionDate "2019.09.30"]
[SourceQuality "1"]

1. d4 e6 2. Nf3 Nf6 3. c4 d5 4. Nc3 Be7 5. Bg5 0-0 6. e3 Nbd7 7. Rc1 c6 8. a3 b6 9. cxd5 exd5 10. Bd3 Re8 11. 0-0 Bb7 12. Qc2 c5 13. Ne5 Nxe5 14. dxe5 Ne4 15. Bf4 Nxc3 16. bxc3 g6 17. Bb5 Rf8 18. Bh6 c4 19. Bxf8 Bxf8 20. Qb2 Bc5 21. Rcd1 Qe7 22. f4 Bxe3+ 23. Kh1 a6 24. Ba4 b5 25. Qe2 Bc5 26. Bc2 Bxa3 27. f5 Re8 28. e6 gxf5 29. Bxf5 fxe6 30. Bb1 Qg5 31. Rd4 Rf8 32. Qxe6+ Kh8 33. Rxf8+ Bxf8 34. h4 Qe7 35. Qf5 Qe1+ 36. Kh2 Bd6+ 37. Kh3 Qg3# 0-1

[Event "Helsingor Xtracon op"]
[Site "Helsingor"]
[Date "2019.07.21"]
[Round "3"]
[White "Andre, Gordon"]
[Black "Machlik, Monika"]
[Result "1-0"]
[WhiteElo "2381"]
[BlackElo "2083"]
[PlyCount "107"]
[EventDate "2019.07.20"]
[EventType "swiss"]
[EventRounds "10"]
[EventCountry "DEN"]
[SourceTitle "CBM 191 Extra"]
[Source "ChessBase"]
[SourceDate "2019.09.30"]
[SourceVersion "1"]
[SourceVersionDate "2019.09.30"]
[SourceQuality "1"]

1. d4 Nf6 2. Nf3 e6 3. c4 Bb4+ 4. Bd2 a5 5. g3 d6 6. Bg2 Nc6 7. 0-0 e5 8. Be3 exd4 9. Nxd4 Ne5 10. b3 Bc5 11. Nc3 0-0 12. Bg5 Bxd4 13. Qxd4 h6 14. Bc1 Nc6 15. Qd2 Bf5 16. e4 Bh7 17. Bb2 Re8 18. f3 Nd7 19. Nd5 Nc5 20. Rae1 Ne5 21. Re3 c6 22. Nf4 Qc7 23. Qd4 f6 24. g4 Ng6 25. Nxg6 Bxg6 26. Rd1 Rad8 27. Re2 b6 28. Qf2 Bf7 29. Red2 a4 30. Bd4 axb3 31. axb3 Qb8 32. Rb1 Rd7 33. Bf1 Red8 34. Ra2 Rb7 35. Rd2 Rbd7 36. b4 Na4 37. Qg3 b5 38. cxb5 cxb5 39. Rc1 Qb7 40. Rdc2 Bb3 41. Rc6 Kh8 42. Qf4 Nc5 43. Bxf6 Qxc6 44. Bxd8 Rxd8 45. Qe3 Rc8 46. bxc5 Ba4 47. g5 dxc5 48. Bh3 Rc7 49. Qf4 hxg5 50. Qxg5 c4 51. Bf5 Qb6+ 52. Kh1 Rc6 53. Qh5+ Rh6 54. Qe8# 1-0

[Event "Leipzig DSAM Cup"]
[Site "Leipzig"]
[Date "2018.06.02"]
[Round "5"]
[White "Andre, Gordon"]
[Black "Jandke, Manfred"]
[Result "1-0"]
[WhiteElo "2313"]
[BlackElo "2122"]
[PlyCount "51"]
[EventDate "2018.05.31"]
[EventType "swiss"]
[EventRounds "5"]
[EventCountry "GER"]
[SourceTitle "EXT 2019"]
[Source "ChessBase"]
[SourceDate "2018.10.10"]
[SourceVersion "1"]
[SourceVersionDate "2018.10.10"]
[SourceQuality "1"]

1. d4 Nf6 2. c4 a6 3. Nf3 c5 4. d5 b5 5. Qc2 d6 6. e4 g6 7. cxb5 Bg7 8. Nc3 0-0 9. a4 e6 10. dxe6 Bxe6 11. Be3 Ng4 12. Bf4 d5 13. exd5 Bf5 14. Qd2 Re8+ 15. Be2 axb5 16. Nxb5 Re4 17. 0-0 Rexa4 18. Rxa4 Rxa4 19. b3 Re4 20. Bc7 Qc8 21. Bg3 Bh6 22. Qa2 Na6 23. Nd6 Nb4 24. Qa7 Qf8 25. Nxe4 Bxe4 26. d6 1-0

[Event "BL2-Ost 1718"]
[Site "Germany"]
[Date "2017.10.22"]
[Round "2.4"]
[White "Enders, Peter"]
[Black "Andre, Gordon"]
[Result "1-0"]
[WhiteElo "2447"]
[BlackElo "2270"]
[PlyCount "77"]
[EventDate "2017.10.21"]
[EventType "team-tourn"]
[EventRounds "10"]
[EventCountry "GER"]
[SourceTitle "CBM 183 Extra"]
[Source "ChessBase"]
[SourceDate "2018.04.19"]
[SourceVersion "1"]
[SourceVersionDate "2018.04.19"]
[SourceQuality "1"]
[WhiteTeam "Erfurt"]
[BlackTeam "Magdeburg Aufbau Elbe"]
[WhiteTeamCountry "GER"]
[BlackTeamCountry "GER"]

1. b3 c5 2. Bb2 Nf6 3. g3 g6 4. Bg2 Bg7 5. Nf3 0-0 6. 0-0 d6 7. d4 cxd4 8. Nxd4 d5 9. e3 Bg4 10. Ne2 Nc6 11. h3 Bd7 12. Na3 Qc8 13. Nf4 Rd8 14. g4 Be8 15. Qe2 h5 16. g5 Ne4 17. Bxg7 Kxg7 18. c4 Nxg5 19. cxd5 Nb4 20. Qb2+ Kh6 21. Rac1 Qd7 22. Rc4 Qd6 23. Rfc1 Bd7 24. Nc2 Nxc2 25. R1xc2 Bf5 26. Rc1 Nh7 27. Qd2 Kg7 28. e4 Bd7 29. Qe3 f6 30. Qg3 g5 31. Nxh5+ Kg6 32. Qxd6 exd6 33. Ng3 Nf8 34. Rc7 Rdc8 35. Bf1 a5 36. Kg2 Rxc7 37. Rxc7 b5 38. Bd3 Kf7 39. Bxb5 1-0

[Event "Andorra op 35th"]
[Site "Escaldes"]
[Date "2017.07.23"]
[Round "2"]
[White "Landa, Konstantin"]
[Black "Andre, Gordon"]
[Result "1-0"]
[WhiteElo "2617"]
[BlackElo "2259"]
[PlyCount "126"]
[EventDate "2017.07.22"]
[EventType "swiss"]
[EventRounds "9"]
[EventCountry "AND"]
[SourceTitle "CBM 179 Extra"]
[Source "ChessBase"]
[SourceDate "2017.08.23"]
[SourceVersion "1"]
[SourceVersionDate "2017.08.23"]
[SourceQuality "1"]

1. Nf3 Nf6 2. g3 b6 3. Bg2 Bb7 4. 0-0 e6 5. c4 Be7 6. Nc3 0-0 7. d4 d6 8. Qc2 c5 9. d5 exd5 10. cxd5 Nbd7 11. Rd1 b5 12. Nxb5 Bxd5 13. Nc3 Bb7 14. e4 Qb6 15. Bf4 Rfd8 16. Nd2 Ne5 17. Bxe5 dxe5 18. Nc4 Qe6 19. Na5 Qa6 20. Nxb7 Qxb7 21. Bf1 Rd4 22. b3 Rad8 23. f3 Rxd1 24. Rxd1 Rxd1 25. Nxd1 Qd7 26. Bc4 Qd4+ 27. Kg2 Ne8 28. Nc3 Bg5 29. Nb5 Qd7 30. Be2 Be3 31. Qc3 Bd4 32. Qa5 Be3 33. Nxa7 c4 34. Qb5 Qxb5 35. Nxb5 cxb3 36. axb3 Kf8 37. Bc4 Ke7 38. Nc3 Bd4 39. Ne2 Bc5 40. Nc1 Bd4 41. Nd3 Nd6 42. Bd5 f6 43. h4 g6 44. f4 Bc3 45. Bc6 Nf7 46. Kf3 f5 47. exf5 gxf5 48. Ke2 exf4 49. Nxf4 Kd6 50. Bd5 Nh6 51. Bc4 Ng4 52. Be6 Ke5 53. Bc8 Nf6 54. Nd3+ Ke4 55. Nc5+ Ke5 56. Kf3 Ne4 57. Nd3+ Kf6 58. b4 Nd6 59. Ba6 Nf7 60. Nf4 Be1 61. Ke2 Bxb4 62. Nd5+ Ke5 63. Nxb4 Kf6 1-0

[Event "Oberliga Ost-A 1617"]
[Site "Germany"]
[Date "2017.05.07"]
[Round "11.6"]
[White "Andre, Gordon"]
[Black "Boehm, Robert"]
[Result "1/2-1/2"]
[WhiteElo "2235"]
[BlackElo "2133"]
[PlyCount "78"]
[EventDate "2016.10.16"]
[EventType "team-tourn"]
[EventRounds "11"]
[EventCountry "GER"]
[SourceTitle "EXT 2018"]
[Source "ChessBase"]
[SourceDate "2017.10.13"]
[SourceVersion "1"]
[SourceVersionDate "2017.10.13"]
[SourceQuality "1"]
[WhiteTeam "Magdeburg Aufbau Elbe"]
[BlackTeam "Hoyerswerda"]
[WhiteTeamCountry "GER"]
[BlackTeamCountry "GER"]

1. d4 d5 2. c4 c6 3. Nc3 Nf6 4. Nf3 e6 5. Bg5 Nbd7 6. e3 Qa5 7. Nd2 Bb4 8. Qc2 0-0 9. Be2 e5 10. Bxf6 Nxf6 11. dxe5 Ne4 12. Ndxe4 dxe4 13. 0-0 Bxc3 14. Qxc3 Qxc3 15. bxc3 Re8 16. Rfd1 Kf8 17. g4 Rxe5 18. Rd8+ Re8 19. Rad1 c5 20. Rxe8+ Kxe8 21. Rd5 b6 22. Rh5 h6 23. f4 Bb7 24. g5 hxg5 25. fxg5 Rd8 26. Rh8+ Ke7 27. Rxd8 Kxd8 28. Kf2 Bc6 29. Kg3 Ba4 30. a3 Bc2 31. Kf4 Ke7 32. h4 g6 33. Ke5 Bd3 34. Bd1 Bxc4 35. Kxe4 Kd6 36. h5 gxh5 37. Bxh5 b5 38. Kf5 Ke7 39. Ke5 a5 1/2-1/2

[Event "Oberliga Ost-A 1617"]
[Site "Germany"]
[Date "2016.11.20"]
[Round "3.5"]
[White "Andre, Gordon"]
[Black "Haertig, Jens"]
[Result "1/2-1/2"]
[WhiteElo "2235"]
[BlackElo "2137"]
[PlyCount "46"]
[EventDate "2016.10.16"]
[EventType "team-tourn"]
[EventRounds "11"]
[EventCountry "GER"]
[SourceTitle "EXT 2018"]
[Source "ChessBase"]
[SourceDate "2017.10.13"]
[SourceVersion "1"]
[SourceVersionDate "2017.10.13"]
[SourceQuality "1"]
[WhiteTeam "Magdeburg Aufbau Elbe"]
[BlackTeam "Naumburg"]
[WhiteTeamCountry "GER"]
[BlackTeamCountry "GER"]

1. d4 Nf6 2. c4 g6 3. Nc3 Bg7 4. e4 d6 5. f3 0-0 6. Bg5 c5 7. d5 e6 8. Qd2 exd5 9. cxd5 a6 10. a4 Nbd7 11. Nh3 h6 12. Be3 Nh7 13. Nf2 h5 14. Be2 Ne5 15. f4 Ng4 16. Nxg4 hxg4 17. 0-0 Re8 18. e5 dxe5 19. Bxc5 Bf5 20. fxe5 Bxe5 21. Bd4 Bd6 22. Qh6 Bf8 23. Qf4 Bd6 1/2-1/2

[Event "Terre degli Elimi op 7th"]
[Site "Erice"]
[Date "2016.08.02"]
[Round "6"]
[White "Andre, Gordon"]
[Black "Mollema, Thomas"]
[Result "0-1"]
[WhiteElo "2254"]
[BlackElo "2219"]
[PlyCount "64"]
[EventDate "2016.07.28"]
[EventType "swiss"]
[EventRounds "9"]
[EventCountry "ITA"]
[SourceTitle "EXT 2017"]
[Source "ChessBase"]
[SourceDate "2016.10.25"]
[SourceVersion "1"]
[SourceVersionDate "2016.10.25"]
[SourceQuality "1"]

1. d4 f5 2. g3 Nf6 3. Bg2 g6 4. Nh3 Nc6 5. 0-0 Bg7 6. c4 0-0 7. Nc3 e6 8. e3 Rb8 9. b3 Ne7 10. Nb5 Ra8 11. Ba3 d6 12. Rc1 a6 13. Nc3 Rb8 14. c5 h6 15. cxd6 cxd6 16. Qc2 g5 17. f4 g4 18. Nf2 b5 19. Bb2 Bb7 20. e4 Qb6 21. Qe2 d5 22. exf5 Nxf5 23. Nxg4 Nxg4 24. Qxg4 Ne3 25. Qe2 Bxd4 26. Kh1 Rbc8 27. Qd3 Bg7 28. Bf3 Nxf1 29. Rxf1 Qd4 30. Qe2 Rxc3 31. Qxe6+ Kh8 32. Qe7 Bc6 0-1

[Event "Terre degli Elimi op 7th"]
[Site "Erice"]
[Date "2016.07.29"]
[Round "2"]
[White "Andre, Gordon"]
[Black "Khusnutdinov, Rustam"]
[Result "0-1"]
[WhiteElo "2254"]
[BlackElo "2476"]
[PlyCount "72"]
[EventDate "2016.07.28"]
[EventType "swiss"]
[EventRounds "9"]
[EventCountry "ITA"]
[SourceTitle "EXT 2017"]
[Source "ChessBase"]
[SourceDate "2016.10.25"]
[SourceVersion "1"]
[SourceVersionDate "2016.10.25"]
[SourceQuality "1"]

1. d4 Nf6 2. c4 c5 3. Nf3 cxd4 4. Nxd4 a6 5. Nc3 d5 6. Bf4 Nc6 7. e3 e6 8. Be2 Be7 9. 0-0 Nxd4 10. Qxd4 dxc4 11. Qxc4 b5 12. Qb3 Bb7 13. Rfd1 Qa5 14. e4 0-0 15. e5 Nd5 16. Nxd5 Bxd5 17. Qg3 Rfc8 18. Bd3 Qc7 19. h4 Kh8 20. h5 h6 21. Rac1 Qb7 22. Qe3 Bxg2 23. Kh2 Qf3 24. Bxh6 Bc5 25. Bxg7+ Kxg7 26. Qg5+ Kf8 27. Qxg2 Qxh5+ 28. Kg1 Qxe5 29. Rc2 Bb6 30. Rdc1 Rd8 31. Kf1 Ra7 32. Bh7 Rad7 33. Qg4 Rd4 34. Qg8+ Ke7 35. Qg2 Rd1+ 36. Rxd1 Rxd1# 0-1

[Event "Terre degli Elimi op 7th"]
[Site "Erice"]
[Date "2016.07.28"]
[Round "1"]
[White "Ciampi, Vincenzo"]
[Black "Andre, Gordon"]
[Result "0-1"]
[WhiteElo "1985"]
[BlackElo "2254"]
[PlyCount "82"]
[EventDate "2016.07.28"]
[EventType "swiss"]
[EventRounds "9"]
[EventCountry "ITA"]
[SourceTitle "EXT 2017"]
[Source "ChessBase"]
[SourceDate "2016.10.25"]
[SourceVersion "1"]
[SourceVersionDate "2016.10.25"]
[SourceQuality "1"]

1. Nf3 c5 2. e4 e6 3. d3 d5 4. Nbd2 Nf6 5. g3 b6 6. Bg2 Bb7 7. 0-0 Be7 8. Re1 Nc6 9. exd5 Nxd5 10. Nc4 Qc7 11. a4 Rd8 12. Ng5 0-0 13. c3 h6 14. Nh3 Rfe8 15. Nf4 Bg5 16. Nxd5 exd5 17. Rxe8+ Rxe8 18. Bxg5 dxc4 19. Bf4 Qc8 20. dxc4 g5 21. Bd6 Rd8 22. Bd5 Qf5 23. g4 Qd7 24. Bg3 Na5 25. Qe2 Bxd5 26. cxd5 Qxd5 27. Re1 Nc4 28. Qe4 Nxb2 29. Qxd5 Rxd5 30. Re8+ Kg7 31. Re7 Nxa4 32. Rxa7 Nxc3 33. Rb7 Ne2+ 34. Kg2 Nxg3 35. Kxg3 Rd3+ 36. Kg2 Rb3 37. Kf1 Rb2 38. Ke1 c4 39. Rc7 b5 40. Rc5 Kf6 41. h3 Ke6 0-1

[Event "Warsaw Najdorf Memorial op-A 14th"]
[Site "Warsaw"]
[Date "2016.07.12"]
[Round "5"]
[White "Andre, Gordon"]
[Black "Chomczyk, Marek"]
[Result "1-0"]
[WhiteElo "2254"]
[BlackElo "2167"]
[PlyCount "63"]
[EventDate "2016.07.08"]
[EventType "swiss"]
[EventRounds "9"]
[EventCountry "POL"]
[SourceTitle "CBM 173 Extra"]
[Source "ChessBase"]
[SourceDate "2016.08.29"]
[SourceVersion "1"]
[SourceVersionDate "2016.08.29"]
[SourceQuality "1"]

1. d4 Nf6 2. c4 e6 3. Nc3 Bb4 4. Qc2 0-0 5. Bg5 d6 6. e3 Nbd7 7. Bd3 h6 8. Bh4 b6 9. Nge2 Bb7 10. 0-0 Bxc3 11. Nxc3 c5 12. Rad1 Qc7 13. Nb5 Qc6 14. d5 exd5 15. cxd5 Nxd5 16. Bh7+ Kh8 17. Be4 Qxb5 18. Bxd5 Bxd5 19. Rxd5 Ne5 20. Rfd1 Kg8 21. Bg3 Nc6 22. Rxd6 Nb4 23. Qf5 Qe2 24. Be5 f6 25. Bc3 Rae8 26. a3 Na6 27. Qg6 Nc7 28. R6d2 Qc4 29. Rd7 Rf7 30. Rxc7 Rxc7 31. Qxe8+ Kh7 32. Qd8 1-0

[Event "GER Cup 1516 final"]
[Site "Halle"]
[Date "2016.05.27"]
[Round "3"]
[White "Andre, Gordon"]
[Black "Kopylov, Michael"]
[Result "0-1"]
[WhiteElo "2235"]
[BlackElo "2410"]
[PlyCount "66"]
[EventDate "2016.05.26"]
[EventType "swiss"]
[EventRounds "5"]
[EventCountry "GER"]
[SourceTitle "EXT 2019"]
[Source "ChessBase"]
[SourceDate "2018.10.10"]
[SourceVersion "1"]
[SourceVersionDate "2018.10.10"]
[SourceQuality "1"]

1. d4 Nf6 2. c4 c5 3. Nf3 cxd4 4. Nxd4 b6 5. Nc3 Bb7 6. Bg5 e6 7. Qd3 d6 8. e4 Nbd7 9. Be2 h6 10. Qh3 Be7 11. 0-0 0-0 12. Be3 Re8 13. Rad1 a6 14. b3 Bf8 15. Bd3 Qc7 16. Qg3 Rac8 17. Rc1 Nc5 18. Bb1 Ncxe4 19. Nxe4 Nxe4 20. Qh3 Nf6 21. Rfe1 Qb8 22. Rc3 d5 23. Bxh6 gxh6 24. Rg3+ Bg7 25. Qh4 dxc4 26. Ree3 cxb3 27. f4 Rc1+ 28. Kf2 Nh5 29. Ne2 Nxg3 30. Rxg3 Qc7 31. Qf6 Qc5+ 32. Nd4 Qf8 33. Bd3 Kh8 0-1